000 00613nam a2200229Ia 4500
003 BUBTL
008 151213s9999 xx 000 0 und d
020 _a033549066
082 _a823.914/ R983s/ 1996
100 _aRylance, Rick
_95006
245 _aSons and Lovers :
_cRick Rylance
250 _a1st Edn
260 _aLondon
_bMackmillan Press Ltd.
_cc1996
300 _a[ix],213p. :
_b21 cm
500 _aIncludes Index
650 _aEnglish Literature
650 _a
700 _aRylance, Rick
_95006
856 _k0
_l0
_yDownload
942 _2ddc
_cBK
999 _c3040
_d3040